00521nam a22001817a 4500010001300000020001500013035001300028037001800041040001200059082001500071245006300086260002600149270002000175300003100195650003700226650005900263700001700322 aA-248339 a0273085344 aA-248339 bCen Lib / Ret aDPLbEN a333.7bLON aLong-term energy resources /cby R F Meyer [and] J C Olson aBostonbPitman c1979 aPitman bBoston a(v 2. 733-1478p)c27cm(Hb) aEnergy industries -- Congresses. a Energy development -- Congresses. Energy development. aOlson, J. C.